Personnages principaux Elite (S1-S5) - Statistiques

Statistiques générales
  • Ce quiz a été pris 1 720 fois
  • Le résultat moyen est 16 sur 26
Statistiques - réponses
Saison(s) Nom de l'acteur Nom du personnage % Correct
S1-S5 Itzan Escamilla Samuel
95%
S1-S5 Omar Ayuso Omar
94%
S1-S3 Ester Expósito Carla
93%
S1-S4 Miguel Bernardeau Guzmàn
89%
S1-S4 Arón Piper Ander
85%
S1-S3,(S4) Mina El Hammani Nadia
84%
S1-S3 Álvaro Rico Polo
84%
S1 María Pedraza Marina
77%
S1-S3 Danna Paola Lucrecia
76%
S4-S5 Manu Ríos Patrick
73%
S2-S5 Claudia Salas Rebeka
73%
S4-S5 Carla Díaz Ari
69%
S2-S5 Georgina Amorós Cayetana
67%
S1 Miguel Herrán Christian
64%
S1-S2 Jaime Lorente Nano
64%
S4-S5 Martina Cariddi Mencía
61%
S2-S3 Jorge López Astorga Valerio
59%
S5 Valentina Zenere Isadora
55%
S5 André Lamoglia Ivàn
54%
S4-S5 Pol Granch Philippe
48%
S4-S5 Diego Martín Benjamín
35%
S3 Sergio Momo Yeray
27%
S5 Carloto Cotta Cruz
26%
S3 Leïti Sène Malick
25%
S4 Andrés Velencoso Armando
23%
S5 Adam Nourou Bilal
19%
Aucun quiz correspondant
Distribution des résultats
% des personnes avec chaque résultat
Percentile par nombre de réponses
Votre historique - résultats
Vous n’avez pas pris ce quiz